书目信息 |
| 题名: |
MATLAB数学实验
|
|
| 作者: | 胡良剑 , 孙晓君 编著 | |
| 分册: | ||
| 出版信息: | 北京 高等教育出版社 2006 |
|
| 页数: | 283页 | |
| 开本: | 23cm | |
| 丛书名: | ||
| 单 册: | ||
| 中图分类: | O13-33 | |
| 科图分类: | ||
| 主题词: | 高等数学 | |
| 电子资源: | ||
| ISBN: | 7-04-019369-8 | |
| 000 | 00892nam0 2200229 450 | |
| 001 | 0758346789 | |
| 005 | 20070727141625.71 | |
| 010 | @a7-04-019369-8@dCNY19.60 | |
| 100 | @a20070710d2006 km y0chiy0120 ea | |
| 101 | 0 | @achi |
| 102 | @aCN@b110000 | |
| 200 | 1 | @aMATLAB数学实验@AMATLAB shu xue shi yan@f胡良剑,孙晓君编著@Fhu liang jian,sun xiao jun bian zhu |
| 210 | @a北京@c高等教育出版社@d2006 | |
| 215 | @a283页@d23cm | |
| 300 | @a高等学校教材 | |
| 330 | @a本书共分为三个部分:第一部分介绍MATLAB的基础知识和操作;第二部分介绍大学“数学实验”的基础内容,涉及线性代数、微积分和常微分方程等课程的软件实验;第三部分介绍大学“数学建模”的实验技术,主要涉及概率统计、数值分析和运筹学等课程的软件实验。 | |
| 606 | 0 | @a高等数学 |
| 690 | @aO13-33@v3 | |
| 701 | 0 | @a胡良剑@Ahu liang jian@4编著 |
| 701 | 0 | @a孙晓君@Asun xiao jun@4编著 |
| 801 | 0 | @aCN@bPFT@c20070727 |
| 905 | @a10447@dO13-33@e358 | |
| MATLAB数学实验/胡良剑,孙晓君编著.-北京:高等教育出版社,2006 |
| 283页;23cm |
| 高等学校教材 |
| ISBN 7-04-019369-8:CNY19.60 |
| 本书共分为三个部分:第一部分介绍MATLAB的基础知识和操作;第二部分介绍大学“数学实验”的基础内容,涉及线性代数、微积分和常微分方程等课程的软件实验;第三部分介绍大学“数学建模”的实验技术,主要涉及概率统计、数值分析和运筹学等课程的软件实验。 |
| ● |
| 相关链接 |
|
|
|
|
正题名:MATLAB数学实验
索取号:O13-33/358
 
预约/预借
| 序号 | 登录号 | 条形码 | 馆藏地/架位号 | 状态 | 备注 |
| 1 | 0772337 | 207723374 | 第二样本阅览室/ [索取号:O13-33/358] | 在馆 | |
| 2 | 0772338 | 207723383 | 密集书库/ [索取号:O13-33/358] | 在馆 | |
| 3 | 0772339 | 207723392 | 密集书库/ [索取号:O13-33/358] | 在馆 | |
| 4 | 0772340 | 207723409 | 密集书库/ [索取号:O13-33/358] | 在馆 | |
| 5 | 0772341 | 207723418 | 密集书库/ [索取号:O13-33/358] | 在馆 | |
| 6 | 0772342 | 207723427 | 库房3/ [索取号:O13-33/358] | 在馆 | |
| 7 | 0772343 | 207723436 | 库房3/ [索取号:O13-33/358] | 在馆 | |
| 8 | 0772344 | 207723445 | 库房3/ [索取号:O13-33/358] | 在馆 | |
| 9 | 0772345 | 207723454 | 库房3/ [索取号:O13-33/358] | 在馆 | |
| 10 | 0775676 | 207756766 | 密集书库/ [索取号:O13-33/358] | 在馆 | |
| 11 | 0778796 | 207787965 | 密集书库/ [索取号:O13-33/358] | 在馆 | |
| 12 | 0787754 | 207877546 | 密集书库/ [索取号:O13-33/358] | 在馆 | |
| 13 | 0787755 | 207877555 | 密集书库/ [索取号:O13-33/358] | 在馆 | |
| 14 | 0787877 | 207878778 | 密集书库/ [索取号:O13-33/358] | 在馆 | |
| 15 | 0788046 | 207880462 | 密集书库/ [索取号:O13-33/358] | 在馆 | |
| 16 | 0788594 | 207885948 | 密集书库/ [索取号:O13-33/358] | 在馆 | |
| 17 | 0788629 | 207886297 | 密集书库/ [索取号:O13-33/358] | 在馆 |